000 01766nkm0a2200385 4500
001 RU\NLR\BIBL_A\022716410
005 20260211131101.0
035 _a(NLR Aleph) 022716410
071 5 0 _d3 руб.
_9100000
090 _a89219
_c89219
100 _a20260203d1944 b y0rusy50 ca
101 0 _arus
102 _aRU
116 _aiiycxx bf zz
181 0 _ab2
_bxb2e
181 0 _ai2
_bxxxe
182 0 _an
200 1 _aЛошадка
_eкнижка-игрушка
_fЛ. Квитко
_gперевод С. Маршака
_g[рисунки Ю. Васнецова
_gответственный редактор: Л. Кон]
203 _aИзображение
_aТекст
_bвизуальные
_cнепосредственные
210 _a[Москва]
_cДетгиз
_d1944
_eМосква
_gФабрика деткниги Детгиза Наркомпроса РСФСР
215 _a1 л. (слож. в [6] с.)
_cцв. ил.
_d13х16
300 _aВ вып. дан.: Подписано к печ. 4/X 1944 г. ; Зак. 5977
309 _aКнижка-гармошка в обл. с фигур. вырубкой
606 1 _aКнижки-игрушки
_2nlr_sh2
_3RU\NLR\AUTH\6601765960
686 1 _aШ801.38
686 1 _aЧ617.67/68
700 1 _aКвитко
_bЛ.М.
_f1890-1952
_gЛев Моисеевич
_3RU\NLR\AUTH\7732355
702 1 _aМаршак
_bС. Я.
_f1887-1964
_gСамуил Яковлевич
_3RU\NLR\AUTH\774792
_4730
702 1 _aВаснецов
_bЮ.А.
_f1900-1973
_gЮрий Алексеевич
_3RU\NLR\AUTH\7740007
_4440
942 _cVISUAL
945 _aРоссийская национальная библиотека
980 _aBV
980 _aNB